Manažment podnikových pasív

Bibliographic Details
Main Authors: Bartošová, Viera, 1960- (Author), Jaroš, Jaroslav (Author), Valášková, Katarína, 1985- (Author)
Format: Book
Language:Slovak
PhysicalDescription:147 strán grafy, tabuľky 25 cm
Published: Žilina Žilinská univerzita v Žiline EDIS-vydavateľské centrum ŽU 2018
ISBN:9788055414614
Edition:1. vydanie
Series:Vedecké monografie
Subjects:

MARC

LEADER 00000nam a2200000 4500
001 vtls011789129
003 SK-MaSNL
005 20260302055034.0
008 200205s2018 xo dl ern 001 0 slo
015 |a SNBA2018/11 
020 |a 9788055414614  |q (viazané) 
035 |a urn:nbn:sk:snk-am00d6og 
035 |a urn:nbn:sk:snk-am3hrh9 
035 |a 8F5681D7-0BA1-4233-B5D6-0BBBF5F2E6A8 
040 |a SNK  |b slo  |c SNK  |e rda 
041 0 |a slo 
044 |a xo  |c SK 
072 7 |a 658  |x Riadenie a správa podniku  |2 konspekt 
080 |a (048.8)  |2 2011 
080 |a 658.14/.17  |2 2011 
080 |a 658  |2 2011 
100 1 |a Bartošová, Viera,  |d 1960-  |4 aut  |9 217828 
245 1 0 |a Manažment podnikových pasív  |c Viera Bartošová, Jaroslav Jaroš, Katarína Valášková 
250 |a 1. vydanie 
264 1 |a Žilina  |b Žilinská univerzita v Žiline  |b EDIS-vydavateľské centrum ŽU  |c 2018 
300 |a 147 strán  |b grafy, tabuľky  |c 25 cm 
336 |a text  |b txt  |2 rdacontent 
337 |a bez média  |b n  |2 rdamedia 
338 |a zväzok  |b nc  |2 rdacarrier 
366 |e 120 kusov 
490 1 |a Vedecké monografie 
504 |a Bibliografia na strane 145-147 ; bibliografické odkazy a poznámky 
650 0 7 |a podnikový manažment  |2 SNKPH  |9 3483 
650 0 7 |a Industrial management  |2 SNKPHeng  |9 265455 
650 0 7 |a finančný manažment  |2 SNKPH  |9 928 
650 0 7 |a Financial management  |2 SNKPHeng  |9 268527 
650 0 7 |a podniková ekonomika  |2 SNKPH  |9 3955 
650 0 7 |a Managerial economics  |2 SNKPHeng  |9 267336 
655 7 |a monografie  |2 SNKPH  |9 70139 
655 7 |a Monographs  |2 SNKPHeng  |9 120675 
700 1 |a Jaroš, Jaroslav  |4 aut  |9 9269 
700 1 |a Valášková, Katarína,  |d 1985-  |4 aut  |9 193915 
810 2 |a Žilinská univerzita v Žiline  |t Vedecké monografie  |9 306802 
919 |a 978-80-554-1461-4 
958 |a NB 
999 |c 1115749  |d 1117679 
952 |a SNK  |b SNK  |y PREZ  |7 0  |p 17A1338772  |o snkSC 181427  |i snk2018/22841  |8 0  |0 0  |1 0  |4 0  |d 2018-11-06  |f 1  |l 0  |r 2026-02-24 18:15:08  |w 2026-02-24 
952 |a SNK  |b SNK  |y VYP  |7 0  |p 17A1338773  |o snkSC 181427 D1  |i snk2018/22842  |8 0  |0 0  |1 0  |4 0  |d 2018-11-06  |l 0  |r 2026-02-24 18:15:08  |w 2026-02-24